Civic sense : (Record no. 71993)

MARC details
000 -LEADER
fixed length control field 00962nam a22002417a 4500
005 - DATE AND TIME OF LATEST TRANSACTION
control field 2012121005385.0
008 - FIXED-LENGTH DATA ELEMENTS--GENERAL INFORMATION
fixed length control field 121210t xxu||||| |||| 00| 0 eng d
010 ## - LCCN (DPL NO)
LC control number ENG-106297
020 ## - INTERNATIONAL STANDARD BOOK NUMBER
International Standard Book Number 9789350515631
Terms of availability 175.00
035 ## - SYSTEM CONTROL NUMBER
System control number EN-89830
037 ## - SOURCE OF ACQUISITION
Source of stock number/acquisition DBAD/PUB
040 ## - CATALOGING SOURCE
Original cataloging agency DPL
Language of cataloging Eng
082 ## - DEWEY DECIMAL CLASSIFICATION NUMBER
Classification number 323.65
100 ## - MAIN ENTRY--PERSONAL NAME
9 (RLIN) 54009
Personal name Ramachandra,K.
245 ## - TITLE STATEMENT
Title Civic sense :
Statement of responsibility, etc by K. Ramachandra , A. Shivaraj [and] B.N. Nagesha
Remainder of title including success stories and projects on civic sense /
260 ## - PUBLICATION, DISTRIBUTION, ETC. (IMPRINT)
Place of publication, distribution, etc New Delhi
Name of publisher, distributor, etc Himalaya Publishing House
Date of publication, distribution, etc 2012
270 ## - ADDRESS
Address Pooja Apartments, 4-B, Murari Lal Street, Ansari Road, Darya Ganj,
City New Delhi
Postal code 110002
300 ## - PHYSICAL DESCRIPTION
Extent 165p. :
Dimensions 24cm(pbk)
Other physical details ill.
700 ## - ADDED ENTRY--PERSONAL NAME
Personal name Shivaraj, A.
9 (RLIN) 54159
700 ## - ADDED ENTRY--PERSONAL NAME
Personal name Nagesha, B.N.
9 (RLIN) 54160
942 ## - ADDED ENTRY ELEMENTS (KOHA)
Source of classification or shelving scheme Dewey Decimal Classification
Item type English Books
Call number suffix RAM
Classification part 323.65
Holdings
Withdrawn status Lost status Source of classification or shelving scheme Damaged status Not for loan Collection code Home library Current library Date acquired Source of acquisition Cost, normal purchase price Total Checkouts Full call number Barcode Date last seen Copy number Cost, replacement price Koha item type
    Dewey Decimal Classification   Not For Loan Non-fiction D.B.Act.Division D.B.Act.Division 10/12/2012 DBAD/PUB 175.00   323.65 RAM EN-89830 10/12/2012 1 175.00 English Books

© Delhi Public Library
Hit Counter
free hit counter